Kvalita mlieka z pohľadu správnej výživy ľudí

Bibliographic Details
Main Authors: Foltys, Vladimír (Author), Kirchnerová, Katarína (Author)
Format: Article
Language:Slovak
PhysicalDescription:Graf, obr. tab.
ISSN:1335-1990
Subjects:

MARC

LEADER 00000nab a2200000 a 4500
001 vtls009625361
003 SK-MaSNL
005 20260426085053.0
008 250506 2009 xo || |||| ||slo
015 |a SNBRB2009/07  |2 snkbucl 
035 |a urn:nbn:sk:snk-ab89s2 
035 |a (urnnbn)urn:nbn:sk:snk:ar-006um3 
035 |a (uuid)3621478a-4373-47ae-8f99-03ae461911fc 
038 |a SNKBUCL 
040 |a SNKBUCL  |b slo  |c SNKBUCL  |e AACR2 
041 0 |a slo 
044 |a xo  |c SK 
080 |a 637.12'6.05  |x (437.6)  |2 1997 
080 |a 613.287.5  |x (437.6)  |2 2001 
080 |a 637.3.05  |x (437.6)  |2 2001 
080 |a 614.31  |x (437.6)  |2 2001 
100 1 |a Foltys, Vladimír  |4 aut  |9 6738 
245 1 0 |a Kvalita mlieka z pohľadu správnej výživy ľudí  |c Vladimír Foltys, Katarína Kirchnerová 
300 |b Graf, obr. tab. 
650 0 7 |a výživa človeka  |2 snkbucl  |9 4211 
650 0 7 |a surové kravské mlieko  |2 snkbucl  |9 1475945 
650 0 7 |a mliečne výrobky  |2 snkbucl  |9 3940 
650 0 7 |a kvalita potravín  |2 snkbucl  |9 30955 
651 7 |a Slovensko  |2 snkbucl  |9 14231 
700 1 |a Kirchnerová, Katarína  |4 aut  |9 17290 
773 0 |t Slovenský chov  |g Roč. XIV, č. 5 (2009), s. 31-32  |x 1335-1990 
850 |a Slovenská národná knižnica 
852 |a Slovenská národná knižnica 
954 |a odborná, vedecká literatúra pôvodná (slovenská)  |2 lita 
958 |a article9 
958 |a OND 
958 |a MI 
958 |a SK 
958 |a EUIPO 
999 |c 2952432  |d 2954362